| 000 | 00431pab a2200157 454500 | ||
|---|---|---|---|
| 008 | 180718b2017 xxu||||| |||| 00| 0 eng d | ||
| 100 | _aSuradkar, Santosh | ||
| 245 | _aMukti kon pathe? Caste and class in Ambedkar's struggle | ||
| 260 | _c2017 | ||
| 300 | _ap.61-68. | ||
| 362 | _a9 Dec | ||
| 650 | _aAmbedkar,B.R | ||
| 650 | _aSchedule Caste and Schedule Tribe | ||
| 773 | _aEconomic and Political Weekly | ||
| 909 | _a116604 | ||
| 999 |
_c116598 _d116598 |
||